000
00269nam a22001217a 4500
008
260326b ||||| |||| 00| 0 eng d
041
_a
Shqip
080
_a
1.1
100
_a
23
101
_a
menaxh
245
_a
Manaxhimi Strategjik
_c
Vaselika Kume
942
_2
udc
_c
BK
999
_c
60939
_d
60939